书目信息 |
| 题名: |
数理统计
|
|
| 作者: | 汪荣鑫 编著 | |
| 分册: | ||
| 出版信息: | 西安 西安交通大学出版社 1986.10 |
|
| 页数: | 284页 | |
| 开本: | 32开 | |
| 丛书名: | ||
| 单 册: | ||
| 中图分类: | O121.1 | |
| 科图分类: | ||
| 主题词: | 初等数学 | |
| 电子资源: | ||
| ISBN: | 7-5605-0101-X | |
| 000 | 00537nam0 2200193 45 | |
| 001 | 0008051048 | |
| 005 | 20000805100216.3 | |
| 010 | @a7-5605-0101-X@d10.00元 | |
| 100 | @a20000805d1986 km y0chiy0120 ea | |
| 101 | 0 | @achi |
| 105 | @a z 000yy | |
| 200 | 1 | @a数理统计@AShu Li Tong Ji@f汪荣鑫 编著@FWang Rong Xin Bian Zhu |
| 210 | @a西安@c西安交通大学出版社@d1986.10 | |
| 215 | @a284页@d32开 | |
| 606 | 0 | @a初等数学 |
| 690 | @aO121.1@v3 | |
| 701 | 0 | @a汪荣鑫@4编著 |
| 801 | @aCN@bPftUser@c20000805 | |
| 905 | @b89929-933@dO121.1@eW897@f5 | |
| 数理统计/汪荣鑫 编著.-西安:西安交通大学出版社,1986.10 |
| 284页;32开 |
| ISBN 7-5605-0101-X:10.00元 |
| ● |
| 相关链接 |
|
|
|
正题名:数理统计
索取号:O121.1/W897
 
预约/预借
| 序号 | 登录号 | 条形码 | 馆藏地/架位号 | 状态 | 备注 |
| 1 | 89929 | 200899297 | 自科二线504/504自科库 49排6列5层/ [索取号:O121.1/W897] | 在馆 | |
| 2 | 89930 | 200899304 | 自科二线504/504自科库 49排6列5层/ [索取号:O121.1/W897] | 在馆 | |
| 3 | 89931 | 200899313 | 自科二线504/504自科库 49排6列5层/ [索取号:O121.1/W897] | 在馆 | |
| 4 | 89932 | 200899322 | 自科库401/401自科库 105排8列6层/ [索取号:O121.1/W897] | 在馆 | |
| 5 | 89933 | 200899331 | 自科库401/ [索取号:O121.1/W897] | 在馆 |